Football - À quel Joueur correspond ces Clubs #2 - Statistiques

Statistiques générales
  • Ce quiz a été pris 785 fois
  • Le résultat moyen est 6 sur 10
Statistiques - réponses
Clubs Joueur % Correct
Birmingham / Borussia Dortmund / Real Madrid Jude Bellingham
96%
Olympique Lyonnais / Arsenal / Olympique Lyonnais Alexandre Lacazette
87%
Benfica / AS Monaco / Manchester City Bernardo Silva
81%
Grenoble / Bastia / LOSC / OM / Newcastle / OM / Tigres / Udinese Florian Thauvin
74%
Caen / AS Monaco / Atlético Madrid Thomas Lemar
68%
Sheffield / Hull City / Wigan / Leicester City / Manchester United Harry Maguire
56%
Independiente / Atlético Madrid / Manchester City / FC Barcelone Sergio Agüero
50%
Heerenveen / Twente / Ajax Amsterdam / Chelsea / Galatasaray Hakim Ziyech
44%
Naples / Cavese / Foggia / Pescara / Naples / Toronto Lorenzo Insigne
42%
Livourne / Fiorentina / Juventus / Los Angeles FC Giorgio Chiellini
34%
Aucun quiz correspondant
Distribution des résultats
% des personnes avec chaque résultat
Percentile par nombre de réponses
Votre historique - résultats
Vous n’avez pas pris ce quiz